000 01139nam a2200217Ia 4500
003 OSt
005 20241030145627.0
007 ca aa aaaaa
008 201103s9999 xx 000 0 und d
040 _cSSBUL
041 _abur
082 _223
_a၂၉၄.၃၄၄၃ သော
_b၉၂၆၀ S-SAT
100 0 _aသောမဗုဒ္ဓိ၊ ဘဒ္ဒန္တ၊ အဂ္ဂမဟာသဒ္ဓမ္မဇောတိကဓဇ။
_917368
245 1 0 _aအစ္ဆရာသုတ္တန်တရားတော် /
_cအဂ္ဂမဟာသဒ္ဓမ္မဇောတိကဓဇ ဘဒ္ဒန္တသောမဗုဒ္ဓိအရှင်သူမြတ်၊ စုစည်းပူဇော်သူ မသီတာ။
260 _a[နေရာမပါ] ၊
_b[ထုတ်ဝေသူမပါ]၊
_c၂၀၀၉။
300 _a၇၂ စာမျက်နှာ ၊
_c၁၇ စင်တီ။
500 _aS-SAT: Dr. Sai Aung Tun
650 _aဗုဒ္ဓဘာသာ
_xတရားတော်
_913507
700 _aသီတာ၊ မ
_eစုစည်းသူ
_955120
942 _2ddc
_cBK1
999 _c16768
_d16768